000 01116nam a22001697a 4500
008 140707b xxu||||| |||| 00| 0 eng d
020 _a9780199280469
050 _aHB99.5.B488
100 _aedited by Streck, Wolfgang.
245 _aBeyound continuity: Institutional change in advanced political economies. /
_cWorlfgang Streeck.
260 _aNew York:
_bOxford,
_c2005.
300 _ax,290p.:
_c24cm.
500 _aIncludes index.
505 _aContents: Introduction: Institutional change in advanced political economies -- Policy drift: The hidden politics of US welfare state retrenchment -- Changing dominant practice: Making use of institutional diversity in Hungary and united kingdom -- Redeploying the state: Liberalization and social policy in France -- Ambiguous agreement, cumulative change: French social policy in the 1990's -- Routine adjustment and bounded innovation: The changing political economy of Japan -- Change from within: German and Italian finance in the 1990's -- Institutional resettlement: The case of early retirement in Germany.
700 _aThelen, Kathleen.
942 _2lcc
_cBK
999 _c3102
_d10602